000 00471nam a22001817a 4500
003 OSt
005 20151013144223.0
008 130622t xxu||||| |||| 00| 0 eng d
020 _a0958568693
050 _aB 69
_b.Au923 1999
082 _aIB 100
_bAu4 1999
100 _aAugustes, Noel.
245 _aPhilosophy /
_cNoel Augustes.
260 _aCamberwell, Australia :
_bIBID Press,
_c1999.
300 _aiv, 118 p. :
_c24 cm.
942 _2lcc
_cBK
999 _c3024
_d3024